000
00282 a2200121 4500
001
62620
082
_a
297.63 WAH
090
_c
37225
_d
37225
100
_a
Abdul Waheed Khan
245
_a
Life of Prophet Muhammad (PBUH)
_h
English
260
_b
Abdul Waheed Khan
300
_a
67p
942
_a
CAE NUST
_k
297.63 WAH
999
_c
297693
_d
297693